|
|
|
|
| LEADER |
006120000a22001930004500 |
| 020 |
|
|
|a 0-14-044227-8
|
| 082 |
|
|
|a 838 SCH/E 111L0
|
| 100 |
|
|
|a Hollingdale, R J; Translator
|
| 100 |
|
|
|a Schopenhauer, Arthur; Author
|
| 245 |
|
|
|a Essays and aphorisms
|
| 250 |
|
|
|
| 260 |
|
|
|a London, Penguin
|
| 260 |
|
|
|c 1970
|
| 460 |
|
|
|a 238
|
| 465 |
|
|
|a P.3.99
|
| 500 |
|
|
|a Arthur Schopenhauer; tr.by R J Hollingdale
|
| 650 |
|
|
|a German essays
|
| 999 |
|
|
|c 30171
|d 30171
|
| 952 |
|
|
|0 0
|1 0
|4 0
|6 838_000000000000000_SCHE_111L0
|7 0
|9 30125
|a MGUL
|b MGUL
|d 2013-07-16
|e P.3.99
|l 1
|m 1
|o 838 SCH/E 111L0
|p 30707
|r 2014-08-02
|s 2014-06-08
|w 2013-07-16
|y BK
|